関東運輸局内の深夜急行バス - Statistics

General Stats
  • This quiz has been taken 30 times
  • The average score is 17 of 54
Answer Stats
Answer % Correct
池袋
93%
東京
93%
新宿
93%
渋谷
93%
千葉
89%
横浜
86%
成田
82%
大宮
79%
成田空港
64%
品川
64%
海老名
61%
吉祥寺
54%
橋本
50%
府中
50%
新橋
50%
春日部
43%
本厚木
39%
三鷹
39%
平塚
36%
小手指
36%
銀座
36%
大船
25%
蘇我
25%
有楽町
21%
鴻巣
21%
久喜
21%
海浜幕張
21%
大和
21%
ちはら台
21%
大網
21%
新越谷
18%
朝霞台
18%
五井
18%
守谷
18%
本川越
14%
我孫子
11%
国立
11%
京成佐倉
11%
和光市
11%
ユーカリが丘
11%
中浦和
7%
東浦和
7%
鎌ヶ谷大仏
7%
南流山
4%
新座
4%
印旛日本医大
4%
八王子みなみ野
0%
奥戸車庫
0%
サンコーポ西口
0%
平和交通本社
0%
山田インター入口
0%
数寄屋橋
0%
羽田エアポートガーデン
0%
つくばセンター
0%
No matching quizzes found
Score Distribution
Percent of People with Each Score
Percentile by Number Answered
Your Score History
You have not taken this quiz